Dominic J. O’Meara, Platonopolis. Platonic Political Philosophy in Late Antiquity, Oxford, Clarendon Press, 2003, 249 p. (notice n° 1648687)
[ vue normale ]
| 000 -LEADER | |
|---|---|
| fixed length control field | 00565cam a2200145 4500500 |
| 005 - DATE AND TIME OF LATEST TRANSACTION | |
| control field | 20260208003728.0 |
| 041 ## - LANGUAGE CODE | |
| Language code of text/sound track or separate title | fre |
| 042 ## - AUTHENTICATION CODE | |
| Authentication code | dc |
| 100 10 - MAIN ENTRY--PERSONAL NAME | |
| Personal name | Lavaud, Laurent |
| Relator term | author |
| 245 00 - TITLE STATEMENT | |
| Title | Dominic J. O’Meara, Platonopolis. Platonic Political Philosophy in Late Antiquity, Oxford, Clarendon Press, 2003, 249 p. |
| 260 ## - PUBLICATION, DISTRIBUTION, ETC. | |
| Date of publication, distribution, etc. | 2005.<br/> |
| 500 ## - GENERAL NOTE | |
| General note | 4 |
| 786 0# - DATA SOURCE ENTRY | |
| Note | Les Études philosophiques | 72 | 1 | 2005-03-01 | p. 117s-142s | 0014-2166 |
| 856 41 - ELECTRONIC LOCATION AND ACCESS | |
| Uniform Resource Identifier | <a href="https://shs.cairn.info/revue-les-etudes-philosophiques-2005-1-page-117s?lang=fr&redirect-ssocas=7080">https://shs.cairn.info/revue-les-etudes-philosophiques-2005-1-page-117s?lang=fr&redirect-ssocas=7080</a> |
Pas d'exemplaire disponible.




Réseaux sociaux